Razones desde la otra orilla : cuadernos de apuntes V /

Guardado en:
Detalles Bibliográficos
Autor principal: Martín Descalzo, José Luis (autor)
Formato: Libro
Idioma:Español
Publicado: Madrid, España : Sociedad de Educación Atenas, 1992, c1992
Etiquetas: Agrega una etiqueta
Sin etiquetas, Sé el primero en etiquetar este registro!

MARC

LEADER 00000nam^a2200000^a^4500
001 000591068
005 20250521000000.0
009 20260310132921.018
020 |a 84-7020-300-2 
037 |a Acervo ITESO - Biblioteca 
041 |a ESP 
091 |a FCR. 00873 
100 |a Martín Descalzo, José Luis  |e (autor) 
245 1 0 |a Razones desde la otra orilla :  |b cuadernos de apuntes V / 
264 4 |a Madrid, España :  |b Sociedad de Educación Atenas,  |c 1992, c1992 
300 |a 222 p. 
336 |a texto  |b txt  |2 rdacontenido 
337 |a sin mediación  |b n  |2 rdamedio 
338 |a volumen  |b nc  |2 rdasoporte 
649 |a XX 
910 |a Fondo Cristina Romo Gil 
920 |a Impresos - Libros 
930 |a Fondos Especiales 
905 |a 143 
901 |a 0900116556  |b IT2  |c ESP  |i D123414  |u 20250521 
902 |a https://opac.biblio.iteso.mx/vufind/Record/000591068